| 000 | 01032cam a2200289 i 4500 | ||
|---|---|---|---|
| 001 | 2878 | ||
| 003 | BD-RjUL | ||
| 005 | 20211208233633.0 | ||
| 008 | 131217s1977 mdu b 000 0 eng | ||
| 020 |
_a0801819385. _a0801819490 |
||
| 035 | _a(BD-RjUL)2906 | ||
| 040 |
_aDLC _cDLC _dDLC _dBD-RjUL _beng |
||
| 041 | _aeng | ||
| 082 | 0 | 0 |
_a331.798091724 _bMCU 1977 |
| 100 | 1 |
_aMcDiarmid, Orville John, _d1909- _99224 |
|
| 245 | 1 | 0 |
_aUnskilled labor for development : _bits economic cost / _cOrville John McDiarmid. |
| 260 |
_aBaltimore : _bPublished for the World Bank [by] the Johns Hopkins University Press , _cc1977. |
||
| 300 |
_axii, 206 p. : _bill. ; _c23 cm. |
||
| 504 | _aBibliography: p. 203-206. | ||
| 650 | 0 |
_aWages _zDeveloping countries. _99225 |
|
| 650 | 0 |
_aWages _zAsia. _99226 |
|
| 650 | 0 |
_aUnskilled labor. _99227 |
|
| 710 | 2 |
_aWorld Bank. _96092 |
|
| 856 | _uhttp://www.worldcat.org/title/unskilled-labor-for-development-its-economic-cost/oclc/2645801&referer=brief_results | ||
| 942 |
_2ddc _cBK |
||
| 999 |
_c2878 _d2878 |
||